[Event "HUN-chT U18"]
[Site "Hajduboszormeny"]
[Date "2016.11.05"]
[Round "7.43"]
[White "Bali, Adam"]
[Black "Pasztor, Flora Katinka"]
[Result "1/2-1/2"]
[WhiteElo "1972"]
[BlackElo "1851"]
[PlyCount "60"]
[EventDate "2016.11.02"]
[EventType "team-swiss"]
[EventRounds "8"]
[EventCountry "HUN"]
[SourceTitle "CBM 175 Extra"]
[Source "ChessBase"]
[SourceDate "2016.12.12"]
[SourceVersion "1"]
[SourceVersionDate "2016.12.12"]
[SourceQuality "1"]

1. e4 c5 2. Nf3 d6 3. d4 cxd4 4. Nxd4 Nf6 5. Nc3 g6 6. Be3 Bg7 7. Be2 0-0 8. Qd2 Nc6 9. 0-0-0 d5 10. exd5 Nxd5 11. Nxc6 bxc6 12. Nxd5 cxd5 13. Qxd5 Qc7 14. Qxa8 Bf5 15. Qxf8+ Bxf8 16. Bd3 Be6 17. Kb1 Bg7 18. Bc1 h5 19. a3 Qc6 20. f3 Qd5 21. c4 Qc5 22. Rhe1 Bf6 23. Re2 Bxc4 24. Bxc4 Qxc4 25. Re4 Qc7 26. g3 Qb6 27. Re2 Qb3 28. Rd8+ Kg7 29. Re3 Qb6 30. Rdd3 a5 1/2-1/2

[Event "HUN-chT U18"]
[Site "Hajduboszormeny"]
[Date "2016.11.03"]
[Round "3.31"]
[White "Pasztor, Flora Katinka"]
[Black "Kantor, Gergely"]
[Result "0-1"]
[WhiteElo "1829"]
[BlackElo "2413"]
[PlyCount "70"]
[EventDate "2016.11.02"]
[EventType "team-swiss"]
[EventRounds "8"]
[EventCountry "HUN"]
[SourceTitle "CBM 175 Extra"]
[Source "ChessBase"]
[SourceDate "2016.12.12"]
[SourceVersion "1"]
[SourceVersionDate "2016.12.12"]
[SourceQuality "1"]

1. e4 e5 2. Nf3 Nc6 3. Bc4 Bc5 4. c3 d6 5. d4 exd4 6. cxd4 Bb6 7. Be3 Nf6 8. Nc3 0-0 9. 0-0 Bg4 10. Be2 Re8 11. d5 Bxe3 12. dxc6 Bb6 13. cxb7 Rb8 14. Nd2 Bxe2 15. Qxe2 Rxb7 16. Qd3 Qd7 17. Rac1 Rbb8 18. Nc4 Bc5 19. Rfe1 Re6 20. Nd5 Ng4 21. Rc2 f5 22. h3 Nxf2 23. Rxf2 Bxf2+ 24. Kxf2 c6 25. Nc3 fxe4 26. Qd2 d5 27. Kg1 Qb7 28. Ne3 Qxb2 29. Qd4 Qb6 30. Qd1 Rf8 31. Na4 Qb4 32. Re2 d4 33. Rb2 Qd6 34. Rd2 Qf4 35. Nc2 d3 0-1

[Event "HUN-chT U18"]
[Site "Budapest"]
[Date "2015.08.29"]
[Round "7.40"]
[White "Pasztor, Flora Katinka"]
[Black "Valyi, Blanka Borbala"]
[Result "1/2-1/2"]
[WhiteElo "1705"]
[BlackElo "1895"]
[PlyCount "73"]
[EventDate "2015.08.26"]
[EventType "team-swiss"]
[EventRounds "8"]
[EventCountry "HUN"]
[SourceTitle "EXT 2016"]
[Source "ChessBase"]
[SourceDate "2015.10.08"]
[SourceVersion "1"]
[SourceVersionDate "2015.10.08"]
[SourceQuality "1"]

1. e4 c5 2. Nf3 d6 3. d4 cxd4 4. Nxd4 Nf6 5. Nc3 g6 6. Be3 Bg7 7. f3 Nc6 8. Qd2 0-0 9. 0-0-0 Nxd4 10. Bxd4 Be6 11. Kb1 Qc7 12. h4 h5 13. Be2 Rfc8 14. g4 hxg4 15. fxg4 Qa5 16. a3 b5 17. h5 b4 18. axb4 Qxb4 19. h6 Rab8 20. Nd5 Qxd2 21. Rxd2 Bxd5 22. hxg7 e5 23. Bxe5 Ba2+ 24. Kxa2 dxe5 25. Rh8+ Kxg7 26. Rxc8 Rxc8 27. Bf3 Rc4 28. Re2 g5 29. Kb3 Rd4 30. Re3 a5 31. c4 Nd7 32. Kc3 Nb6 33. b3 a4 34. Rd3 Rxd3+ 35. Kxd3 axb3 36. Bd1 b2 37. Bc2 1/2-1/2

[Event "HUN-chT U18"]
[Site "Budapest"]
[Date "2015.08.26"]
[Round "1.16"]
[White "Pasztor, Flora Katinka"]
[Black "Marosi, Levente"]
[Result "1/2-1/2"]
[WhiteElo "1705"]
[BlackElo "2212"]
[PlyCount "101"]
[EventDate "2015.08.26"]
[EventType "team-swiss"]
[EventRounds "8"]
[EventCountry "HUN"]
[SourceTitle "EXT 2016"]
[Source "ChessBase"]
[SourceDate "2015.10.08"]
[SourceVersion "1"]
[SourceVersionDate "2015.10.08"]
[SourceQuality "1"]

1. e4 c5 2. Nf3 d6 3. d4 cxd4 4. Nxd4 Nf6 5. Nc3 a6 6. Be2 e5 7. Nf3 Be7 8. Bg5 Nbd7 9. 0-0 0-0 10. a4 Qc7 11. Nd2 b6 12. Nc4 h6 13. Bh4 Bb7 14. f3 Rfe8 15. Bf2 Nc5 16. a5 b5 17. Nb6 Rab8 18. Be3 Ncd7 19. Qd2 Nxb6 20. Bxb6 Qc8 21. Rfd1 Qe6 22. f4 Nxe4 23. f5 Qc8 24. Nxe4 Bxe4 25. Bd3 Bxf5 26. Rf1 e4 27. Be2 Be6 28. c3 d5 29. b4 Bg5 30. Qc2 g6 31. Bd4 Qd8 32. Rae1 f5 33. Bd1 Rc8 34. Qf2 Rf8 35. g3 Bf6 36. Qe3 Kg7 37. Bb6 Qd7 38. Bc5 Rfd8 39. Bb3 d4 40. Bxe6 Qxe6 41. Bxd4 Bxd4 42. cxd4 Rc4 43. Rd1 Qd5 44. Rd2 Rxb4 45. Qa3 Rxd4 46. Qe7+ Kg8 47. Rfd1 Rd3 48. Rxd3 exd3 49. Rxd3 Qxd3 50. Qe6+ Kf8 51. Qf6+ 1/2-1/2

[Event "HUN-ch U16 Girls"]
[Site "Balatonlelle"]
[Date "2014.06.27"]
[Round "8"]
[White "Vanczak, Virag"]
[Black "Pasztor, Flora Katinka"]
[Result "0-1"]
[WhiteElo "1489"]
[BlackElo "1809"]
[PlyCount "46"]
[EventDate "2014.06.20"]
[EventType "tourn"]
[EventRounds "9"]
[EventCountry "HUN"]
[SourceTitle "EXT 2024"]
[Source "ChessBase"]
[SourceDate "2023.10.10"]
[SourceVersion "1"]
[SourceVersionDate "2023.10.10"]
[SourceQuality "1"]

1. e4 c5 2. Nf3 d6 3. d4 cxd4 4. Nxd4 Nf6 5. Nc3 g6 6. Be3 Bg7 7. f3 0-0 8. Qd2 Nc6 9. 0-0-0 d5 10. exd5 Nxd5 11. Nxc6 bxc6 12. Bd4 e5 13. Bc5 Be6 14. Ne4 h5 15. Ba6 Rb8 16. Rhe1 Re8 17. Nd6 Re7 18. Ne4 Rd7 19. Qe2 f5 20. Nd2 Qa5 21. Ba3 Nc3 22. Qe3 Nxd1 23. Rxd1 Qxa6 0-1

[Event "HUN-ch U16 Girls"]
[Site "Balatonlelle"]
[Date "2014.06.24"]
[Round "5"]
[White "Pasztor, Flora Katinka"]
[Black "Kassay, Lilla"]
[Result "0-1"]
[WhiteElo "1809"]
[BlackElo "1817"]
[PlyCount "78"]
[EventDate "2014.06.20"]
[EventType "tourn"]
[EventRounds "9"]
[EventCountry "HUN"]
[SourceTitle "EXT 2024"]
[Source "ChessBase"]
[SourceDate "2023.10.10"]
[SourceVersion "1"]
[SourceVersionDate "2023.10.10"]
[SourceQuality "1"]

1. e4 c5 2. Nf3 d6 3. d4 cxd4 4. Nxd4 Nf6 5. Nc3 a6 6. Be2 e5 7. Nb3 Be6 8. f4 Nbd7 9. f5 Bxb3 10. axb3 Rc8 11. Be3 Rxc3 12. bxc3 Nxe4 13. 0-0 Nxc3 14. Qd3 Nxe2+ 15. Qxe2 Be7 16. Qg4 Kf8 17. Qe4 Qc7 18. c4 Nf6 19. Qd3 Qc6 20. Rad1 Qe4 21. Bg5 Qxd3 22. Rxd3 Ne4 23. Bxe7+ Kxe7 24. Re1 Nc5 25. Rg3 a5 26. Ree3 Kf6 27. Kf1 Rg8 28. Rgf3 e4 29. Rf2 Ra8 30. Rd2 Ra6 31. Rd5 Rb6 32. g4 Kg5 33. h3 Kf4 34. Re2 Rxb3 35. Kg2 a4 36. Rxd6 a3 37. Rdd2 Nd3 38. Kf1 e3 39. Rc2 Kf3 0-1

[Event "Budapest-chT1 Lilienthal 1314"]
[Site "Budapest"]
[Date "2014.02.23"]
[Round "8"]
[White "Makai, Gyorgy"]
[Black "Pasztor, Flora Katinka"]
[Result "1-0"]
[WhiteElo "1996"]
[BlackElo "1760"]
[PlyCount "79"]
[EventDate "2013.09.29"]
[EventType "team-tourn"]
[EventRounds "11"]
[EventCountry "HUN"]
[SourceTitle "EXT 2021"]
[Source "ChessBase"]
[SourceDate "2020.10.23"]
[SourceVersion "1"]
[SourceVersionDate "2020.10.23"]
[SourceQuality "1"]
[WhiteTeam "Rakosliget"]
[BlackTeam "Budapest HUSI II"]
[WhiteTeamCountry "HUN"]
[BlackTeamCountry "HUN"]

1. d4 Nf6 2. Nf3 g6 3. c4 Bg7 4. Nc3 0-0 5. e4 d6 6. Be2 Nc6 7. Bf4 Nh5 8. Be3 f5 9. exf5 Bxf5 10. Nh4 Nf6 11. Nxf5 gxf5 12. Qd2 e5 13. dxe5 dxe5 14. 0-0-0 Qxd2+ 15. Rxd2 Rad8 16. Rhd1 Rxd2 17. Rxd2 b6 18. f3 Re8 19. g3 Re7 20. Bd3 e4 21. fxe4 fxe4 22. Be2 Ne5 23. Rd8+ Kf7 24. Bg5 c6 25. Bxf6 Bh6+ 26. Kc2 Kxf6 27. Nxe4+ Kg7 28. Bd3 c5 29. Nd6 Re6 30. Nf5+ Kf7 31. Be4 Nc6 32. Rd7+ Ke8 33. Bxc6 Rxc6 34. Rxh7 Bf8 35. Rxa7 Rf6 36. g4 Re6 37. Kd3 Re1 38. g5 Rf1 39. Ke4 Re1+ 40. Kd5 1-0

[Event "Budapest-chT1 Lilienthal 1314"]
[Site "Budapest"]
[Date "2014.01.19"]
[Round "6"]
[White "Pasztor, Flora Katinka"]
[Black "Palotai, Edgard"]
[Result "1/2-1/2"]
[WhiteElo "1760"]
[BlackElo "1784"]
[PlyCount "60"]
[EventDate "2013.09.29"]
[EventType "team-tourn"]
[EventRounds "11"]
[EventCountry "HUN"]
[SourceTitle "EXT 2021"]
[Source "ChessBase"]
[SourceDate "2020.10.23"]
[SourceVersion "1"]
[SourceVersionDate "2020.10.23"]
[SourceQuality "1"]
[WhiteTeam "Budapest HUSI II"]
[BlackTeam "REAC SISE"]
[WhiteTeamCountry "HUN"]
[BlackTeamCountry "HUN"]

1. e4 e5 2. Nf3 Nc6 3. Bc4 Nf6 4. Ng5 d5 5. exd5 Na5 6. Bb5+ c6 7. dxc6 bxc6 8. Be2 h6 9. Nf3 e4 10. Ne5 Bd6 11. d4 Qc7 12. Bf4 0-0 13. 0-0 Rb8 14. b3 c5 15. c3 Bb7 16. Nd2 Nd5 17. Bg3 Nxc3 18. Qe1 cxd4 19. Ndc4 Nxe2+ 20. Qxe2 Nxc4 21. Nxc4 Bxg3 22. hxg3 Rfe8 23. Rfe1 Ba6 24. Rac1 Rbc8 25. Qg4 Qe7 26. f3 Bxc4 27. bxc4 Qc5 28. Rxe4 Rxe4 29. Qxe4 d3+ 30. Kh2 d2 1/2-1/2

[Event "Budapest-chT1 Lilienthal 1314"]
[Site "Budapest"]
[Date "2013.11.24"]
[Round "4"]
[White "Paulics, Peter"]
[Black "Pasztor, Flora Katinka"]
[Result "0-1"]
[WhiteElo "1765"]
[BlackElo "1760"]
[PlyCount "56"]
[EventDate "2013.09.29"]
[EventType "team-tourn"]
[EventRounds "11"]
[EventCountry "HUN"]
[SourceTitle "EXT 2021"]
[Source "ChessBase"]
[SourceDate "2020.10.23"]
[SourceVersion "1"]
[SourceVersionDate "2020.10.23"]
[SourceQuality "1"]
[WhiteTeam "SENSE"]
[BlackTeam "Budapest HUSI II"]
[WhiteTeamCountry "HUN"]
[BlackTeamCountry "HUN"]

1. e4 c5 2. Nf3 d6 3. d4 cxd4 4. Nxd4 Nf6 5. f3 g6 6. Bc4 Bg7 7. Be3 0-0 8. Nc3 Nc6 9. Qd2 Bd7 10. 0-0-0 Rc8 11. Bb3 Ne5 12. g4 b5 13. a3 a5 14. Nd5 Nxd5 15. Bxd5 b4 16. axb4 axb4 17. Bh6 Qa5 18. Nb3 Qa4 19. Bxg7 Kxg7 20. Qd4 e6 21. f4 exd5 22. fxe5 Qxb3 23. Rd2 dxe5 24. Qxe5+ Kg8 25. exd5 Ba4 26. Qe4 Qa2 27. Re2 Qa1+ 28. Kd2 Qxb2 0-1

[Event "Budapest-chT1 Lilienthal 1314"]
[Site "Budapest"]
[Date "2013.10.13"]
[Round "2"]
[White "Martin, Bela"]
[Black "Pasztor, Flora Katinka"]
[Result "0-1"]
[WhiteElo "2051"]
[BlackElo "1760"]
[PlyCount "70"]
[EventDate "2013.09.29"]
[EventType "team-tourn"]
[EventRounds "11"]
[EventCountry "HUN"]
[SourceTitle "EXT 2021"]
[Source "ChessBase"]
[SourceDate "2020.10.23"]
[SourceVersion "1"]
[SourceVersionDate "2020.10.23"]
[SourceQuality "1"]
[WhiteTeam "Barcza GSC"]
[BlackTeam "Budapest HUSI II"]
[WhiteTeamCountry "HUN"]
[BlackTeamCountry "HUN"]

1. e4 c5 2. Nf3 d6 3. d4 cxd4 4. Nxd4 Nf6 5. Nc3 g6 6. Be3 Bg7 7. f3 0-0 8. Qd2 Nc6 9. Bc4 Bd7 10. 0-0-0 Rc8 11. Bb3 Ne5 12. h4 h5 13. Bg5 a5 14. Qe2 Rxc3 15. bxc3 a4 16. Bd5 Qa5 17. Bxf6 Bxf6 18. Qe1 e6 19. f4 Ng4 20. Bc4 Rc8 21. Be2 Rxc3 22. Bxg4 hxg4 23. Rd3 Bxd4 24. Rxd4 Qc5 25. Qd2 a3 26. Rd3 Rc4 27. Re1 Ba4 28. c3 Rb4 29. Qe3 Rb1+ 30. Kd2 Rb2+ 31. Kc1 Rc2+ 32. Kd1 Rxa2+ 33. Kc1 Rc2+ 34. Kd1 Rxc3+ 35. Ke2 Bb5 0-1

[Event "Budapest-chT1 Lilienthal 1314"]
[Site "Budapest"]
[Date "2013.09.29"]
[Round "1"]
[White "Pogats, Jozsef Jr"]
[Black "Pasztor, Flora Katinka"]
[Result "0-1"]
[WhiteElo "1790"]
[BlackElo "1760"]
[PlyCount "75"]
[EventDate "2013.09.29"]
[EventType "team-tourn"]
[EventRounds "11"]
[EventCountry "HUN"]
[SourceTitle "EXT 2021"]
[Source "ChessBase"]
[SourceDate "2020.10.23"]
[SourceVersion "1"]
[SourceVersionDate "2020.10.23"]
[SourceQuality "1"]
[WhiteTeam "Budapest Vasas II"]
[BlackTeam "Budapest HUSI II"]
[WhiteTeamCountry "HUN"]
[BlackTeamCountry "HUN"]

1. e4 c5 2. Nf3 d6 3. d4 cxd4 4. Nxd4 Nf6 5. Nc3 g6 6. f3 Bg7 7. Be3 0-0 8. Qd2 Nc6 9. Bc4 Bd7 10. 0-0-0 Rc8 11. Bb3 Ne5 12. g4 b5 13. g5 b4 14. Nce2 Nh5 15. Ng3 a5 16. Nxh5 gxh5 17. f4 a4 18. fxe5 axb3 19. Nxb3 Bxe5 20. Qxb4 Qc7 21. Qd2 d5 22. c3 Bg4 23. Rdf1 dxe4 24. Kb1 Rfd8 25. Qf2 Bf3 26. Rhg1 Rb8 27. Rc1 Qc4 28. Nd2 Qd3+ 29. Ka1 Bg4 30. Rge1 Be6 31. Nxe4 Ra8 32. Qc2 Bxa2 33. Qxd3 Bc4+ 34. Kb1 Bxd3+ 35. Rc2 Bxe4 36. Bb6 Bxc2+ 37. Kxc2 Rdb8 38. h3 0-1

[Event "HUN-ch U14 Girls"]
[Site "Balatonlelle"]
[Date "2012.06.27"]
[Round "6"]
[White "Miseta, Nora"]
[Black "Pasztor, Flora Katinka"]
[Result "1-0"]
[WhiteElo "1608"]
[BlackElo "1663"]
[PlyCount "59"]
[EventDate "2012.06.22"]
[EventType "tourn"]
[EventRounds "9"]
[EventCountry "HUN"]
[SourceTitle "EXT 2014"]
[Source "ChessBase"]
[SourceDate "2013.11.20"]
[SourceVersion "1"]
[SourceVersionDate "2013.11.20"]
[SourceQuality "1"]

1. e4 e5 2. Nf3 Nc6 3. Nc3 Nf6 4. d4 exd4 5. Nxd4 Bc5 6. Be3 Qe7 7. Nf5 Qf8 8. Bxc5 Qxc5 9. Nxg7+ Kf8 10. Nf5 Nxe4 11. Nxe4 Qxf5 12. Bd3 Qe6 13. 0-0 Rg8 14. Ng3 Qh6 15. Qf3 d6 16. Qe4 Rg7 17. Rae1 Bd7 18. Bb5 Qg5 19. Ba4 h5 20. h4 Qc5 21. b4 Qe5 22. Bxc6 Bxc6 23. Qxe5 dxe5 24. Rxe5 Rg4 25. Rxh5 Ke7 26. Re1+ Kf6 27. Rf5+ Kg7 28. Re7 Rf8 29. b5 Be8 30. Rfe5 1-0

[Event "HUN-ch U14 Girls"]
[Site "Balatonlelle"]
[Date "2012.06.24"]
[Round "3"]
[White "Pasztor, Flora Katinka"]
[Black "Valyi, Blanka Borbala"]
[Result "0-1"]
[WhiteElo "1663"]
[BlackElo "1766"]
[PlyCount "38"]
[EventDate "2012.06.22"]
[EventType "tourn"]
[EventRounds "9"]
[EventCountry "HUN"]
[SourceTitle "EXT 2014"]
[Source "ChessBase"]
[SourceDate "2013.11.20"]
[SourceVersion "1"]
[SourceVersionDate "2013.11.20"]
[SourceQuality "1"]

1. d4 Nf6 2. c4 g6 3. Nc3 Bg7 4. e4 d6 5. f4 0-0 6. Nf3 c5 7. d5 a6 8. Be2 Bd7 9. 0-0 b5 10. e5 dxe5 11. fxe5 Ng4 12. Bf4 b4 13. Ne4 Qc7 14. d6 exd6 15. Nxd6 Nc6 16. Qd5 Qa7 17. h3 Nh6 18. Ng5 Nd4 19. Bd3 Bc6 0-1

[Event "HUN-chT U18"]
[Site "Miskolc"]
[Date "2011.11.04"]
[Round "4.2"]
[White "Pasztor, Flora Katinka"]
[Black "Grimm, Daniel"]
[Result "0-1"]
[WhiteElo "1666"]
[BlackElo "2080"]
[PlyCount "154"]
[EventDate "2011.11.02"]
[EventType "team-swiss"]
[EventRounds "8"]
[EventCountry "HUN"]
[SourceTitle "EXT 2012"]
[Source "ChessBase"]
[SourceDate "2011.11.24"]
[SourceVersion "1"]
[SourceVersionDate "2011.11.24"]
[SourceQuality "1"]
[WhiteTeam "Husi"]
[BlackTeam "Barcza"]
[WhiteTeamCountry "HUN"]
[BlackTeamCountry "HUN"]

1. e4 c5 2. c3 d5 3. exd5 Qxd5 4. d4 Nf6 5. Nf3 Bg4 6. Be2 e6 7. 0-0 Nc6 8. Be3 cxd4 9. cxd4 Be7 10. Nc3 Qa5 11. Qd2 0-0 12. Rad1 Rfd8 13. Qc2 Rac8 14. Qb3 Qb4 15. Qc2 a6 16. a3 Qa5 17. Qb3 b5 18. h3 Bh5 19. d5 exd5 20. Nxd5 Nxd5 21. Rxd5 Bg6 22. Rfd1 Rxd5 23. Qxd5 Qd8 24. Qb3 Qe8 25. Rc1 Rd8 26. Qc3 Rc8 27. Qb3 Bf6 28. Rd1 h6 29. Bd3 Na5 30. Qb4 Bxd3 31. Rxd3 Nc4 32. Bd4 Qe4 33. Rd1 Bxd4 34. Nxd4 Rd8 35. Qc3 Qd5 36. Qc2 a5 37. Qc3 a4 38. Qb4 Ne5 39. Qd2 Nc6 40. Nf3 Qb3 41. Qxd8+ Nxd8 42. Rxd8+ Kh7 43. Rd2 Qc4 44. Kh2 Qc1 45. Kg3 Qc7+ 46. Kg4 g6 47. h4 Qe7 48. Kh3 g5 49. hxg5 hxg5 50. Rd4 f6 51. Kh2 Kg6 52. Rb4 Qd7 53. Kg1 Kh5 54. Nd4 f5 55. Nxb5 Qd1+ 56. Kh2 Qe2 57. f3 g4 58. Nc3 Qf2 59. fxg4+ fxg4 60. Ne4 Qh4+ 61. Kg1 g3 62. Nxg3+ Qxg3 63. Kf1 Qd3+ 64. Kg1 Kg5 65. Kf2 Kf5 66. g4+ Kg5 67. Kg2 Kh4 68. g5+ Kxg5 69. Kf2 Kf5 70. Kg2 Ke5 71. Kf2 Kd5 72. Ke1 Qc2 73. Kf1 Qd2 74. Kg1 Qe2 75. Kh1 Kc5 76. Kg1 Qe1+ 77. Kg2 Qxb4 0-1

[Event "HUN-ch U14 Girls"]
[Site "Celldoemoelk"]
[Date "2011.07.01"]
[Round "5"]
[White "Pasztor, Flora Katinka"]
[Black "Terbe, Julianna"]
[Result "0-1"]
[WhiteElo "1657"]
[BlackElo "1786"]
[PlyCount "84"]
[EventDate "2011.06.27"]
[EventType "tourn"]
[EventRounds "7"]
[EventCountry "HUN"]
[SourceTitle "EXT 2012"]
[Source "ChessBase"]
[SourceDate "2011.11.24"]
[SourceVersion "1"]
[SourceVersionDate "2011.11.24"]
[SourceQuality "1"]

1. Nf3 e6 2. c4 Nf6 3. Nc3 c5 4. g3 b6 5. Bg2 Bb7 6. 0-0 Nc6 7. d3 Be7 8. Bf4 0-0 9. e3 d5 10. cxd5 Nxd5 11. Nxd5 exd5 12. d4 Bf6 13. dxc5 bxc5 14. Rc1 Ba6 15. Re1 Nb4 16. Bf1 Bxf1 17. Rxf1 c4 18. Qd2 Nd3 19. Rc2 Nxb2 20. Be5 Nd3 21. Bxf6 Qxf6 22. Ne1 Nxe1 23. Rxe1 Qf3 24. Qd4 Rfd8 25. Rd1 Rac8 26. Rdd2 Rb8 27. Rc1 a6 28. Rdd1 h6 29. Rd2 a5 30. a4 Rb4 31. Rdc2 Rdb8 32. Ra2 Rb1 33. Ra1 R8b2 34. e4 Rxa1 35. Rxa1 c3 36. exd5 Rd2 37. Qc5 c2 38. Rf1 Qxd5 39. Qc3 Qd3 40. Qc8+ Kh7 41. Kg2 Rd1 42. Rxd1 cxd1Q 0-1

[Event "HUN-ch U14 Girls"]
[Site "Celldoemoelk"]
[Date "2011.06.30"]
[Round "4"]
[White "Valyi, Adel"]
[Black "Pasztor, Flora Katinka"]
[Result "1-0"]
[WhiteElo "1850"]
[BlackElo "1657"]
[PlyCount "87"]
[EventDate "2011.06.27"]
[EventType "tourn"]
[EventRounds "7"]
[EventCountry "HUN"]
[SourceTitle "EXT 2012"]
[Source "ChessBase"]
[SourceDate "2011.11.24"]
[SourceVersion "1"]
[SourceVersionDate "2011.11.24"]
[SourceQuality "1"]

1. e4 e5 2. Nf3 Nc6 3. Nc3 Nf6 4. d4 exd4 5. Nd5 Bc5 6. Bg5 h6 7. Bxf6 gxf6 8. Qd2 d6 9. Qf4 f5 10. exf5 Ne7 11. Nf6+ Kf8 12. Bd3 Nxf5 13. Nh5 Qe7+ 14. Kf1 Ng7 15. Nxg7 Kxg7 16. Nxd4 Qe5 17. Qxe5+ dxe5 18. Nb3 Bb6 19. Re1 f6 20. Nd2 Ba5 21. c3 Rd8 22. Re3 Bf5 23. Ke2 Bg4+ 24. Ke1 Be6 25. Rg3+ Kf7 26. Bg6+ Ke7 27. Nb3 Bb6 28. Be4 Bd5 29. Bxd5 Rxd5 30. Rg7+ Ke6 31. c4 Rd3 32. c5 Rad8 33. Ke2 Ba5 34. Rc1 b6 35. Rxc7 R3d7 36. Rxd7 Rxd7 37. a3 Rd5 38. Nxa5 bxa5 39. b4 axb4 40. axb4 Kd7 41. Ra1 Kc6 42. Rxa7 Kb5 43. Rb7+ Kc4 44. c6 1-0